000 00421nam a2200157Ia 4500
008 100204s9999 xx 000 0 und d
082 _b29262
100 _aमुजावर बशीर सा.
245 _aनो मॅन्स लँड
250 _a0
260 _c2009
300 _a175
630 _aनो मॅन्स लँड
730 _aनो मॅन्स लँड
942 _cBOOK
999 _c474517
_d474514